000 00547nam a2200169Ia 4500
008 230921s9999||||xx |||||||||||||| ||und||
020 _a978-3-319-76547-1
041 _aEN
100 _aMohamed Douifi
245 0 _aLanguage and the Complex of Ideology
250 _a1st ed. 2018
260 _c2018
_bSpringer International Publishing
440 _aPostdisciplinary Studies in Discourse
856 _uhttps://doi.org/10.1007/978-3-319-76547-1
856 _uhttps://link.springer.com/openurl?genre=book&isbn=978-3-319-76547-1
942 _cEB
999 _c250729
_d250729